000 00492nam a2200169 4500
001 126414
003 ES-MaACL
005 20230906192821.0
007 t|
008 070214s1906 fr r ||||1| fre d
100 1 _aRenouvier, Charles.
_996235
245 1 0 _aCritique de la doctrine de Kant /
_cpar Charles Renouvier ; publié par Louis Prat.
260 _aParis :
_bFélix Alcan,
_c1906.
300 _aIV, 440 p. ;
_c23 cm.
700 1 _aPrat, Louis.
_993668
852 _aES-MaACL
_jB-7048
999 _c126414
_d126414